00406nam a2200145Ia 4500008004100000020001800041082001700059100001500076245008000091260002900171300000800200650002100208942001200229999001900241240825s9999 xx 000 0 und d a9789356030732 a346.066bMIT aMittal, DP 0aCorporate Governance Board of Directors, Duties and Functionsc/ Mittal, DP bCommercial Law Pubc2022 a670 aLaw &Criminology cENGLISH c553661d553661